000 00576nam a2200205 a 4500
001 20082
003 CO-ViMGA
008 141112s2004 ck r 000 u spa d
020 _a9582003774
040 _aCO-ViMGA
_bspa
_cCO-ViMGA
082 0 4 _aROSp
100 1 _aRosero Diago, Evelio Jose
_929119
245 1 0 _aPara subir al cielo
260 _aBogotá :
_bCooperativa Ed. Magisterio,
_c1997
300 _a80 p.
490 _aMontaña magica; 45
590 _aForma de adquisición : Premio Mincultura
650 1 4 _aCUENTOS INFANTILES COLOMBIANOS
_92369
942 _2ddc
_cBK
999 _c29188
_d29188